000 00662nam a22002177a 4500
999 _c7183
_d7183
003 OSt
005 20210908152253.0
008 210908b ||||| |||| 00| 0 eng d
020 _a9781137389763
040 _cDDC
082 _a378.242 GRE
_b2014
100 _aGreetham, Bryan
_914772
245 _aHow to write your undergraduate dissertation.
250 _a2nd edition
260 _aBasingstoke :
_bPalgrave Macmillan;
_c 2014,
300 _axi, 395 pages:
_bcharts ;
_c22. cm
504 _aIncludes bibliographical references index
650 _aDissertations, Academic -- Authorship
_914773
650 _a Academic writing.
_913524
942 _2ddc
_cBOOK